| 000 | 00796nam a2200217 a 4500 | ||
|---|---|---|---|
| 001 | 001353597 | ||
| 003 | AM-YeHGA | ||
| 005 | 20250618075638.0 | ||
| 008 | 170329s2016 ai c|||gr|||||||||p arm|| | ||
| 020 | _a9789939701981 | ||
| 040 | _aAM-YeHGA | ||
| 041 | 0 | _aarm | |
| 100 | 1 |
_aՄելիքսեթյան, Կարո _91379 |
|
| 245 | 1 | 0 |
_aԱրևի տակ մահ չկա : _bԲանաստեղծություններ / _cԿ. Մելիքսեթյան ; Խմբագիր և առաջաբան՝ Պատրիկ Արտեմի. |
| 260 |
_aԵրևան : _bՎան Արյան, _c2016. |
||
| 300 |
_a199 էջ : _bգունավոր դիմանկար ; _c20 սմ. |
||
| 650 | 1 | 4 | _aՀայ պոեզիա |
| 700 | 1 |
_aՊատրիկ Արտեմի _eխմբագիր _4edt _eառաջաբան _4aui |
|
| 942 |
_2udc _cBK |
||
| 090 | _c484535 | ||
| 999 |
_c481186 _d481186 |
||